00990cam a22002891i 45000010008000000030004000080050017000120080041000290100017000700150013000870200015001000350019001150400028001340410011001620420012001730500017001850820016002022450149002182600047003673000021004144900035004355000092004706500024005626510049005867000037006357300028006729861603OSt20230607091056.0800904s1964 enk 000 0 eng  a 64054563  aGB64-770 a0854961178 a(OCoLC)6681608 aDLCcMHdODaWUdUkdDLC1 aengger apremarc00aDD240b.W383 a943.08bWIL04aThe Road to DictatorshipbGermany 1918-1933 /cTen Contributions by Th. Eschenburg ... [et al.] ; translated from the German by Lawrence Wilson. aLondon :bO. Wolff,cc1964, 1977 printing. a174 p. ;c22 cm.0 aGerman history series ;vno. 1 a"Essays ... originally broadcast in the Third Programme of the Norddeutscher Rundfunk." 0aNational socialism. 0aGermanyxPolitics and governmenty1918-1933.1 aEschenburg, Theodor,d1904-1999.0 aNorddeutscher Rundfunk.